000 00723nam a2200193Ia 4500
003 0
005 20250122150327.0
008 150126s9999 xx 000 0 und d
050 _aPHS HM 1116
_b.N666 2014
100 _aNiederberger, Patricia Nicole D.
245 4 _aThe relationship of social media and social relationship /
_cPatricia Nicole D. Niederberger.
260 _aLas PiƱas City, Philippines :
_bSouthville International School and Colleges,
_c2014.
300 _a27 pages :
_billustration ;
_c28 cm.
504 _aIncludes bibliographical references.
650 _aSocial Media.
650 _aSocial media
_2Effects on relationships.
650 _aDigital communication
_2Social aspects.
942 _2lcc
_cPASS
999 _c278710
_d278710